[Event "Liga Madrileña - DH 2013-2014"]
[Site "Madrid ESP"]
[Date "2013.11.16"]
[Round "1.11"]
[White "Aranda Marin, Cristian"]
[Black "Arribas Lopez, Angel"]
[Result "0-1"]
[WhiteElo "2303"]
[BlackElo "2488"]
[PlyCount "72"]
[EventDate "2013.11.18"]
[EventType "team-tourn"]
[EventRounds "14"]
[EventCountry "ESP"]
[Source "lmi"]
[SourceDate "2013.11.18"]
[WhiteTeam "San Fernando de Henares"]
[BlackTeam "Collado Villalba"]
[WhiteTeamCountry "ESP"]
[BlackTeamCountry "ESP"]

1. d4 e6 2. c4 Nf6 3. Nf3 c5 4. Nc3 cxd4 5. Nxd4 Qb6 6. e3 Be7 7. Be2 O-O 8.
O-O d6 9. b3 a6 10. Bb2 Bd7 11. Qd2 Nc6 12. Rfd1 Rfd8 13. Rac1 Ne5 14. Nf3 Bc6
15. Nd4 Be8 16. f4 Bf8 17. Kh1 Neg4 18. Rf1 h5 19. h3 Nh6 20. e4 d5 21. cxd5
exd5 22. e5 Ne4 23. Nxe4 dxe4 24. f5 Rd5 25. Qc3 Bb4 26. Qc7 Bc5 27. Rxc5 Qxc5
28. Qxb7 Rad8 29. Rc1 Qa5 30. Bc3 Qa3 31. Rd1 Nxf5 32. Nxf5 Rxd1+ 33. Bxd1
Rxd1+ 34. Kh2 Qc1 35. Ne7+ Kh8 36. Qxe4 Rh1+ 0-1

[Event "Liga Madrileña - DH 2013-2014"]
[Site "Madrid ESP"]
[Date "2013.11.16"]
[Round "1.12"]
[White "Moreno Ruiz, Javier"]
[Black "Fernandez Blazquez, Diego"]
[Result "1/2-1/2"]
[WhiteElo "2470"]
[BlackElo "2195"]
[PlyCount "107"]
[EventDate "2013.11.18"]
[EventType "team-tourn"]
[EventRounds "14"]
[EventCountry "ESP"]
[Source "lmi"]
[SourceDate "2013.11.18"]
[WhiteTeam "Collado Villalba"]
[BlackTeam "San Fernando de Henares"]
[WhiteTeamCountry "ESP"]
[BlackTeamCountry "ESP"]

1. c4 Nf6 2. g3 g6 3. Bg2 Bg7 4. Nc3 O-O 5. d3 d6 6. Rb1 a5 7. Nf3 e5 8. O-O
Nc6 9. a3 Re8 10. Bg5 h6 11. Bxf6 Bxf6 12. b4 axb4 13. axb4 Bg7 14. b5 Ne7 15.
Qb3 Be6 16. Nd2 c6 17. Rfc1 d5 18. Qb4 Bf8 19. Qb2 f5 20. Nb3 Qd6 21. cxd5 cxd5
22. d4 e4 23. b6 Qxb6 24. Qd2 Bf7 25. Nc5 Qf6 26. Rxb7 Nc6 27. Nb5 Bxc5 28.
dxc5 Reb8 29. Rb6 Rxb6 30. cxb6 Rb8 31. Qe3 d4 32. Qa3 Rxb6 33. Qc5 Ne7 34.
Nxd4 Qd6 35. Qxd6 Rxd6 36. e3 Kg7 37. Rc7 Kf6 38. Bf1 Be8 39. Kg2 Rb6 40. Bc4
Nc6 41. Bb5 Nxd4 42. Bxe8 Nf3 43. Rc6+ Rxc6 44. Bxc6 Ke5 45. h4 g5 46. hxg5
hxg5 47. Bd7 Ne1+ 48. Kf1 Nf3 49. Be8 f4 50. Kg2 Nd2 51. Bb5 Nb1 52. Bc4 Nc3
53. gxf4+ gxf4 54. exf4+ 1/2-1/2

[Event "Liga Madrileña - DH 2013-2014"]
[Site "Madrid ESP"]
[Date "2013.11.16"]
[Round "1.13"]
[White "Jimenez Lopez, Antonio"]
[Black "Pena Gomez, Manuel"]
[Result "0-1"]
[WhiteElo "2107"]
[BlackElo "2417"]
[PlyCount "122"]
[EventDate "2013.11.18"]
[EventType "team-tourn"]
[EventRounds "14"]
[EventCountry "ESP"]
[Source "lmi"]
[SourceDate "2013.11.18"]
[WhiteTeam "San Fernando de Henares"]
[BlackTeam "Collado Villalba"]
[WhiteTeamCountry "ESP"]
[BlackTeamCountry "ESP"]

1. e4 c5 2. Nf3 d6 3. c3 Nf6 4. h3 Bd7 5. Bd3 Bc6 6. Qe2 g6 7. Bc2 Bg7 8. O-O
O-O 9. d4 Na6 10. d5 Bd7 11. Bf4 Re8 12. Rd1 Qb6 13. Bb3 Nc7 14. Na3 Rad8 15.
e5 dxe5 16. Nxe5 Bb5 17. Qf3 Qa6 18. c4 Ba4 19. Nxf7 Kxf7 20. Bxc7 Rd7 21. d6
Bc6 22. Qf4 e6 23. Nb5 b6 24. Re1 Kg8 25. Re2 Qb7 26. f3 a6 27. Nc3 Nh5 28. Qg4
Bd4+ 29. Kh2 Rf7 30. Rxe6 Ref8 31. Nd5 Bd7 32. Rae1 Ng7 33. Bc2 b5 34. Bxg6
hxg6 35. Qxg6 Bxe6 36. Rxe6 Qc8 37. Re7 Qf5 38. Qxf5 Nxf5 39. Rxf7 Kxf7 40. d7
bxc4 41. d8=Q Rxd8 42. Bxd8 Bxb2 43. Ba5 Ke6 44. Nf4+ Kd6 45. Ne2 Nd4 46. Nc3
Bxc3 47. Bxc3 Ne2 48. Bb2 c3 49. Ba3 c2 50. h4 c1=Q 51. Bxc1 Nxc1 52. Kg1 Nxa2
53. Kf2 a5 54. h5 Ke7 55. Ke3 a4 56. h6 Kf7 57. g4 a3 58. Kd2 Nb4 59. Kc3 a2
60. Kb2 c4 61. Ka1 c3 0-1

[Event "Liga Madrileña - DH 2013-2014"]
[Site "Madrid ESP"]
[Date "2013.11.16"]
[Round "1.14"]
[White "Ortega Ruiz, Jose Miguel"]
[Black "Garcia Suarez, Joaquin"]
[Result "1-0"]
[WhiteElo "2366"]
[BlackElo "2038"]
[PlyCount "69"]
[EventDate "2013.11.18"]
[EventType "team-tourn"]
[EventRounds "14"]
[EventCountry "ESP"]
[Source "lmi"]
[SourceDate "2013.11.18"]
[WhiteTeam "Collado Villalba"]
[BlackTeam "San Fernando de Henares"]
[WhiteTeamCountry "ESP"]
[BlackTeamCountry "ESP"]

1. d4 Nf6 2. c4 g6 3. Nc3 Bg7 4. e4 d6 5. Nf3 O-O 6. Be2 e5 7. dxe5 dxe5 8.
Qxd8 Rxd8 9. Bg5 Re8 10. O-O-O h6 11. Bh4 Na6 12. Ne1 Be6 13. f3 c6 14. Nc2 Nd7
15. b4 Nc7 16. a3 Bf8 17. Kb2 Be7 18. Bf2 f5 19. exf5 gxf5 20. g4 Nb6 21. gxf5
Bxf5 22. Rhg1+ Kh8 23. Ne3 Be6 24. Rg6 Bg5 25. h4 Bf7 26. Rgd6 Bf4 27. Ng2 Ne6
28. c5 Nc8 29. Rd7 Bg6 30. Bc4 Bf5 31. Rxb7 a5 32. Rdd7 axb4 33. axb4 Nd8 34.
Nxf4 Nxb7 35. Rxb7 1-0

[Event "Liga Madrileña - DH 2013-2014"]
[Site "Madrid ESP"]
[Date "2013.11.16"]
[Round "1.15"]
[White "Fernandez Gil, Ruben Carlos"]
[Black "Pastor Alonso de Prado, Alberto"]
[Result "0-1"]
[WhiteElo "2043"]
[BlackElo "2159"]
[PlyCount "70"]
[EventDate "2013.11.18"]
[EventType "team-tourn"]
[EventRounds "14"]
[EventCountry "ESP"]
[Source "lmi"]
[SourceDate "2013.11.18"]
[WhiteTeam "San Fernando de Henares"]
[BlackTeam "Collado Villalba"]
[WhiteTeamCountry "ESP"]
[BlackTeamCountry "ESP"]

1. e4 e5 2. f4 exf4 3. Bc4 Nf6 4. Nc3 Bb4 5. e5 d5 6. Bb3 Ne4 7. Nf3 c6 8. Qe2
Bf5 9. Nxe4 dxe4 10. Qc4 Qe7 11. Nd4 Bg6 12. e6 O-O 13. O-O b5 14. Qe2 Bc5 15.
exf7+ Bxf7 16. Bxf7+ Rxf7 17. c3 Qe5 18. Qf2 Nd7 19. b4 Bxd4 20. cxd4 Qd5 21.
Bb2 Nb6 22. Bc3 Re8 23. Qh4 g5 24. Qg4 Qf5 25. Qxf5 Rxf5 26. Rae1 Nd5 27. h3
Rf7 28. a3 Kg7 29. Bb2 Kg6 30. Rc1 Re6 31. Rc5 h5 32. a4 a6 33. axb5 axb5 34.
Ba3 Ra7 35. Ra1 Nxb4 0-1

[Event "Liga Madrileña - DH 2013-2014"]
[Site "Madrid ESP"]
[Date "2013.11.16"]
[Round "1.16"]
[White "Cao Armillas, Jesus"]
[Black "Lucas Quintans, Carlos"]
[Result "1-0"]
[WhiteElo "2160"]
[BlackElo "1860"]
[PlyCount "73"]
[EventDate "2013.11.18"]
[EventType "team-tourn"]
[EventRounds "14"]
[EventCountry "ESP"]
[Source "lmi"]
[SourceDate "2013.11.18"]
[WhiteTeam "Collado Villalba"]
[BlackTeam "San Fernando de Henares"]
[WhiteTeamCountry "ESP"]
[BlackTeamCountry "ESP"]

1. d4 Nf6 2. c4 e6 3. Nc3 Bb4 4. e3 O-O 5. Bd3 d5 6. Nf3 b6 7. O-O Bb7 8. a3
Bd6 9. Qe2 Ne4 10. Nd2 Qh4 11. g3 Nxc3 12. bxc3 Qh3 13. cxd5 f5 14. f3 exd5 15.
a4 Rf6 16. f4 c5 17. Nf3 Qh5 18. Ba3 c4 19. Bc2 Nc6 20. Bxd6 Rxd6 21. Qg2 Re8
22. Ne5 Na5 23. Kf2 Rxe5 24. fxe5 Rh6 25. Kg1 Qg5 26. Rxf5 Qxe3+ 27. Qf2 Qxf2+
28. Rxf2 Re6 29. Raf1 Re8 30. Rf7 Bc8 31. Rxa7 Bb7 32. Rb1 Bc8 33. Rxb6 Nb3 34.
Rc6 Nd2 35. Rcc7 Nf3+ 36. Kf2 Nxh2 37. Rxg7+ 1-0

[Event "Liga Madrileña - DH 2013-2014"]
[Site "Madrid ESP"]
[Date "2013.11.16"]
[Round "1.21"]
[White "Almagro Llanas, Pablo"]
[Black "Roa Alonso, Santiago"]
[Result "1/2-1/2"]
[WhiteElo "2467"]
[BlackElo "2401"]
[PlyCount "76"]
[EventDate "2013.11.18"]
[EventType "team-tourn"]
[EventRounds "14"]
[EventCountry "ESP"]
[Source "lmi"]
[SourceDate "2013.11.18"]
[WhiteTeam "Virgen de Atocha"]
[BlackTeam "Vallecas CDV"]
[WhiteTeamCountry "ESP"]
[BlackTeamCountry "ESP"]

1. e4 e5 2. Nf3 Nc6 3. d4 exd4 4. Nxd4 Bc5 5. Be3 Qf6 6. c3 Nge7 7. Bc4 O-O 8.
O-O Ne5 9. Be2 Qg6 10. Nd2 d6 11. f3 d5 12. Kh1 Bb6 13. Bf4 Qf6 14. Bg3 N5g6
15. Re1 Bxd4 16. cxd4 Qxd4 17. Bxc7 Be6 18. Nb3 Qxb2 19. e5 Nf5 20. Qc1 Qxc1
21. Raxc1 Rfc8 22. Na5 Nd4 23. Nxb7 Nxe2 24. Rxe2 Nf4 25. Rec2 Bf5 26. Rc6 Nd3
27. R1c3 Nb4 28. Nd6 Nxc6 29. Nxc8 Rxc8 30. Rxc6 d4 31. Kg1 Bd7 32. Rc5 f6 33.
exf6 gxf6 34. Bd6 Rxc5 35. Bxc5 d3 36. Kf2 a6 37. Ke3 Be6 38. a3 Bc4 1/2-1/2

[Event "Liga Madrileña - DH 2013-2014"]
[Site "Madrid ESP"]
[Date "2013.11.16"]
[Round "1.22"]
[White "Martin Duque, Jesus"]
[Black "Rubio Mejia, Luis Ignacio"]
[Result "1/2-1/2"]
[WhiteElo "2233"]
[BlackElo "2452"]
[PlyCount "81"]
[EventDate "2013.11.18"]
[EventType "team-tourn"]
[EventRounds "14"]
[EventCountry "ESP"]
[Source "lmi"]
[SourceDate "2013.11.18"]
[WhiteTeam "Vallecas CDV"]
[BlackTeam "Virgen de Atocha"]
[WhiteTeamCountry "ESP"]
[BlackTeamCountry "ESP"]

1. e4 c5 2. Nf3 e6 3. d4 cxd4 4. Nxd4 Nc6 5. Nc3 Qc7 6. Be2 a6 7. O-O Nf6 8.
Be3 Be7 9. f4 d6 10. a4 O-O 11. Kh1 Nxd4 12. Qxd4 e5 13. Qd3 exf4 14. Bxf4 Be6
15. Rad1 Rfd8 16. Qg3 Ne8 17. e5 dxe5 18. Bxe5 Qb6 19. Bd3 Bd6 20. Ne4 Bxe5 21.
Qxe5 Rd5 22. Qf4 Rf5 23. Qh4 Rxf1+ 24. Rxf1 h6 25. b3 Qd8 26. Qg3 Rc8 27. Qe3
Qd5 28. Bc4 Qe5 29. Bxe6 Qxe6 30. Qd3 a5 31. c4 b6 32. h3 Rc7 33. Rd1 Re7 34.
Nc3 Nf6 35. Nd5 Nxd5 36. cxd5 Qd6 37. Rc1 Re8 38. Qb5 Rd8 39. Rc6 Qxd5 40. Qxd5
Rxd5 41. Rxb6 1/2-1/2

[Event "Liga Madrileña - DH 2013-2014"]
[Site "Madrid ESP"]
[Date "2013.11.16"]
[Round "1.23"]
[White "Rabadan Velasco, Raul"]
[Black "Montañes Arribas, Adrian"]
[Result "0-1"]
[WhiteElo "2280"]
[BlackElo "2220"]
[PlyCount "106"]
[EventDate "2013.11.18"]
[EventType "team-tourn"]
[EventRounds "14"]
[EventCountry "ESP"]
[Source "lmi"]
[SourceDate "2013.11.18"]
[WhiteTeam "Virgen de Atocha"]
[BlackTeam "Vallecas CDV"]
[WhiteTeamCountry "ESP"]
[BlackTeamCountry "ESP"]

1. b3 c5 2. Bb2 Nc6 3. c4 e5 4. g3 Nf6 5. Bg2 d6 6. Nf3 g6 7. O-O Bg7 8. e3 O-O
9. Nc3 Re8 10. d3 h6 11. Nd2 Be6 12. Nde4 Nxe4 13. dxe4 a6 14. Qd2 Qd7 15. Nd5
Bxd5 16. Qxd5 b5 17. Rfd1 Red8 18. cxb5 axb5 19. a3 Ne7 20. Qd3 Rab8 21. Rac1
Qe6 22. Bf1 Nc6 23. Qe2 Rdc8 24. Rd5 Ne7 25. Rd2 Nc6 26. Qd1 Bf8 27. a4 Na5 28.
axb5 Qxb3 29. Ra1 Ra8 30. Ra3 Qb4 31. Ra4 Qb3 32. Qa1 Nc4 33. Bxc4 Qxa4 34. Qf1
Qb4 35. Rc2 Be7 36. Qh3 h5 37. Qd7 Kf8 38. Qb7 Qe1+ 39. Kg2 Qd1 40. Rc3 Rab8
41. Qa7 Qb1 42. Bc1 Qxe4+ 43. f3 Qa8 44. Qd7 Qb7 45. Qh3 d5 46. Be2 d4 47. exd4
cxd4 48. Bh6+ Kg8 49. Rb3 Qd5 50. Rb2 d3 51. Bd1 Qd4 52. Ra2 Bc5 53. f4 Qg1+
0-1

[Event "Liga Madrileña - DH 2013-2014"]
[Site "Madrid ESP"]
[Date "2013.11.16"]
[Round "1.24"]
[White "Madurga Lopez, Ignacio"]
[Black "Kosmo, Santul"]
[Result "0-1"]
[WhiteElo "2088"]
[BlackElo "2237"]
[PlyCount "54"]
[EventDate "2013.11.18"]
[EventType "team-tourn"]
[EventRounds "14"]
[EventCountry "ESP"]
[Source "lmi"]
[SourceDate "2013.11.18"]
[WhiteTeam "Vallecas CDV"]
[BlackTeam "Virgen de Atocha"]
[WhiteTeamCountry "ESP"]
[BlackTeamCountry "ESP"]

1. e4 c5 2. Nf3 d6 3. d4 cxd4 4. Nxd4 Nf6 5. Nc3 g6 6. Bg5 Bg7 7. Bb5+ Bd7 8.
Qe2 Nc6 9. O-O-O O-O 10. Bxc6 bxc6 11. e5 dxe5 12. Nxc6 Qe8 13. Nxe5 Be6 14.
Rhe1 Rc8 15. Qe3 Rc7 16. h3 Qa8 17. Nf3 Qc8 18. Kb1 Qa6 19. Qd3 Qb6 20. Qe3 Qa5
21. a3 Rb8 22. Ka1 Rbc8 23. Na2 Rxc2 24. Nb4 R2c5 25. Bf4 Nd5 26. Nxd5 Rxd5 27.
Rd4 Rxd4 0-1

[Event "Liga Madrileña - DH 2013-2014"]
[Site "Madrid ESP"]
[Date "2013.11.16"]
[Round "1.25"]
[White "Vazquez Torres, Adrian"]
[Black "Montoya Pecurul, Marc"]
[Result "1-0"]
[WhiteElo "2179"]
[BlackElo "2092"]
[PlyCount "63"]
[EventDate "2013.11.18"]
[EventType "team-tourn"]
[EventRounds "14"]
[EventCountry "ESP"]
[Source "lmi"]
[SourceDate "2013.11.18"]
[WhiteTeam "Virgen de Atocha"]
[BlackTeam "Vallecas CDV"]
[WhiteTeamCountry "ESP"]
[BlackTeamCountry "ESP"]

1. e4 c5 2. Nf3 d6 3. d4 cxd4 4. Nxd4 Nf6 5. Nc3 g6 6. f4 Nc6 7. Nf3 Bg7 8. Bd3
O-O 9. O-O a6 10. a3 b5 11. Qe1 Nd7 12. Be3 Bb7 13. f5 Nce5 14. Qh4 Nxf3+ 15.
Rxf3 Ne5 16. Rh3 h5 17. Be2 e6 18. Bg5 Qb6+ 19. Kh1 exf5 20. exf5 Rfe8 21. f6
Qc6 22. Rg1 Bc8 23. Rg3 Bh8 24. Bxh5 gxh5 25. Bh6+ Ng6 26. Qxh5 Ra7 27. Rxg6+
fxg6 28. Qxg6+ Bg7 29. Bxg7 Qd7 30. Rf1 Qf7 31. Qh6 Qc4 32. f7+ 1-0

[Event "Liga Madrileña - DH 2013-2014"]
[Site "Madrid ESP"]
[Date "2013.11.16"]
[Round "1.26"]
[White "Rios Rebollo, Victor"]
[Black "Perez de Aranda, Leonardo Ivan"]
[Result "0-1"]
[WhiteElo "1911"]
[BlackElo "2115"]
[PlyCount "70"]
[EventDate "2013.11.18"]
[EventType "team-tourn"]
[EventRounds "14"]
[EventCountry "ESP"]
[Source "lmi"]
[SourceDate "2013.11.18"]
[WhiteTeam "Vallecas CDV"]
[BlackTeam "Virgen de Atocha"]
[WhiteTeamCountry "ESP"]
[BlackTeamCountry "ESP"]

1. d4 d5 2. c4 dxc4 3. e3 e5 4. dxe5 Qxd1+ 5. Kxd1 Nc6 6. f4 Be6 7. Nf3 O-O-O+
8. Ke1 f6 9. Be2 Nh6 10. exf6 gxf6 11. Bd2 Bb4 12. Nc3 Rhe8 13. h3 Nf5 14. Kf2
Bc5 15. g4 Nh4 16. Rad1 Nxf3 17. Bxf3 Nb4 18. Ne4 Nd3+ 19. Kg3 Be7 20. Bc3 Rf8
21. Nf2 Bc5 22. Nxd3 Rxd3 23. Rxd3 cxd3 24. Be4 Bc4 25. Kf3 h5 26. b3 hxg4+ 27.
hxg4 Bb5 28. Bf5+ Kb8 29. a4 Bc6+ 30. Be4 Re8 31. Bxc6 Rxe3+ 32. Kg2 bxc6 33.
Bxf6 d2 34. Rh8+ Kb7 35. Rd8 Bd6 0-1

[Event "Liga Madrileña - DH 2013-2014"]
[Site "Madrid ESP"]
[Date "2013.11.17"]
[Round "1.31"]
[White "Rojo Huerta, Gabriel"]
[Black "Valles Moreno, Ivan"]
[Result "0-1"]
[WhiteElo "2373"]
[BlackElo "2373"]
[PlyCount "74"]
[EventDate "2013.11.18"]
[EventType "team-tourn"]
[EventRounds "14"]
[EventCountry "ESP"]
[Source "lmi"]
[SourceDate "2013.11.18"]
[WhiteTeam "La Casa del Ajedrez"]
[BlackTeam "Liberty Chess"]
[WhiteTeamCountry "ESP"]
[BlackTeamCountry "ESP"]

1. d4 Nf6 2. Nf3 g6 3. c4 Bg7 4. Nc3 O-O 5. e4 d6 6. Be3 Nbd7 7. Be2 e5 8. O-O
Qe7 9. Qc2 exd4 10. Nxd4 c6 11. Rfe1 Re8 12. f3 a6 13. Bf1 Ne5 14. Rad1 c5 15.
Nb3 Be6 16. Nd5 Nxd5 17. cxd5 Bd7 18. h3 Ba4 19. Rc1 b5 20. Qd2 Bxb3 21. axb3
Qb7 22. Kh1 a5 23. f4 Nd7 24. Bf2 a4 25. b4 c4 26. Re3 f5 27. exf5 gxf5 28. Be2
Nf6 29. Bf3 Rxe3 30. Bxe3 Re8 31. Bd4 Ne4 32. Bxe4 Rxe4 33. Bxg7 Qxg7 34. Rc3
Qd4 35. Qc1 Qf2 36. Kh2 Re1 37. Qc2 Re2 0-1

[Event "Liga Madrileña - DH 2013-2014"]
[Site "Madrid ESP"]
[Date "2013.11.17"]
[Round "1.31"]
[White "Vallejo Diaz, Javier"]
[Black "Candela Perez, Jose"]
[Result "1/2-1/2"]
[WhiteElo "2400"]
[BlackElo "2447"]
[PlyCount "170"]
[EventDate "2013.11.18"]
[EventType "team-tourn"]
[EventRounds "14"]
[EventCountry "ESP"]
[Source "lmi"]
[SourceDate "2013.11.18"]
[WhiteTeam "Liberty Chess"]
[BlackTeam "La Casa del Ajedrez"]
[WhiteTeamCountry "ESP"]
[BlackTeamCountry "ESP"]

1. e4 c5 2. Nf3 d6 3. Bb5+ Bd7 4. Bxd7+ Qxd7 5. O-O Nf6 6. Qe2 Nc6 7. Rd1 e6 8.
d4 cxd4 9. Nxd4 Be7 10. c4 O-O 11. Nc3 Rfc8 12. Bg5 Ne8 13. Be3 a6 14. Rac1 Bf6
15. Nf3 Ne5 16. Nxe5 Bxe5 17. f4 Bxc3 18. Rxc3 Qa4 19. Bd4 Qxa2 20. Qh5 Qa4 21.
Rh3 Qxc4 22. Qxh7+ Kf8 23. Bc3 b5 24. Rg3 g6 25. f5 gxf5 26. Rg8+ Ke7 27. Qh4+
Kd7 28. Rf8 Kc6 29. Rxf7 Rc7 30. Rxc7+ Nxc7 31. Qg3 Qc5+ 32. Kh1 fxe4 33. b4
Qc4 34. Qxd6+ Kb7 35. Bd4 Qc6 36. Qf4 Rd8 37. h4 Qd5 38. Rc1 Rd7 39. Be5 Ne8
40. Re1 Nd6 41. Bxd6 Rxd6 42. Qxe4 a5 43. bxa5 Qxe4 44. Rxe4 Ka6 45. h5 Kxa5
46. g4 b4 47. h6 b3 48. Re1 Rd8 49. g5 Rh8 50. Rxe6 b2 51. Re1 Rc8 52. h7 Rc1
53. h8=Q Rxe1+ 54. Kg2 b1=Q 55. Qa8+ Kb5 56. Qd5+ Kb4 57. Qd4+ Kb3 58. Qb6+ Kc3
59. Qc5+ Kd3 60. Qd5+ Ke3 61. Qc5+ Kf4 62. Qf2+ Kxg5 63. Qg3+ Kf5 64. Qf3+ Ke5
65. Qc3+ Kd5 66. Qa5+ Ke6 67. Qa6+ Kf7 68. Qc4+ Re6 69. Qc7+ Kg6 70. Qg3+ Kf6
71. Qh4+ Kg7 72. Qd4+ Rf6 73. Qd7+ Rf7 74. Qd4+ Rf6 75. Qd7+ Kg8 76. Qd8+ Rf8
77. Qg5+ Kf7 78. Qf4+ Kg7 79. Qd4+ Kg6 80. Qg4+ Kf6 81. Qd4+ Ke6 82. Qc4+ Ke7
83. Qc7+ Kf6 84. Qd6+ Kg7 85. Qd4+ Rf6 1/2-1/2

[Event "Liga Madrileña - DH 2013-2014"]
[Site "Madrid ESP"]
[Date "2013.11.17"]
[Round "1.33"]
[White "Sanchez Gonzalez, Sergio"]
[Black "Bass, Leonid"]
[Result "1/2-1/2"]
[WhiteElo "2319"]
[BlackElo "2417"]
[PlyCount "113"]
[EventDate "2013.11.18"]
[EventType "team-tourn"]
[EventRounds "14"]
[EventCountry "ESP"]
[Source "lmi"]
[SourceDate "2013.11.18"]
[WhiteTeam "Liberty Chess"]
[BlackTeam "La Casa del Ajedrez"]
[WhiteTeamCountry "ESP"]
[BlackTeamCountry "ESP"]

1. Nf3 d5 2. c4 c6 3. g3 Nf6 4. Bg2 Bf5 5. d4 e6 6. Nc3 Nbd7 7. Qb3 Qb6 8. O-O
Qxb3 9. axb3 Bc2 10. Nd2 Bb4 11. f3 O-O 12. Ncb1 c5 13. Na3 Bxa3 14. bxa3 cxd4
15. Bb2 d3 16. Rfc1 Rac8 17. exd3 Bxd3 18. cxd5 Nxd5 19. f4 b6 20. Kf2 Bc2 21.
Be4 Bxe4 22. Nxe4 Nc5 23. Nxc5 bxc5 24. Rab1 f6 25. Rc2 Rb8 26. Bc1 Rfc8 27.
Be3 Rb5 28. b4 Nxe3 29. Kxe3 Rcb8 30. Rbc1 cxb4 31. Rc8+ Rxc8 32. Rxc8+ Kf7 33.
Rc7+ Kg6 34. axb4 Rxb4 35. Rxa7 Rb2 36. Re7 Rxh2 37. Kf3 e5 38. fxe5 f5 39. Rb7
Rh1 40. Rb6+ Kg5 41. Rb7 g6 42. Kg2 Re1 43. Rxh7 Rxe5 44. Kf3 Ra5 45. Rb7 Ra3+
46. Kg2 Ra6 47. Rb4 Kh5 48. Rh4+ Kg5 49. Rb4 Re6 50. Kf3 Rc6 51. Ra4 Rc3+ 52.
Kg2 Kf6 53. g4 Kg5 54. gxf5 gxf5 55. Kf2 f4 56. Ra8 Rc2+ 57. Kf3 1/2-1/2

[Event "Liga Madrileña - DH 2013-2014"]
[Site "Madrid ESP"]
[Date "2013.11.17"]
[Round "1.34"]
[White "Suarez Uriel, Adrian"]
[Black "Perez Gonzalez, Jose Manuel"]
[Result "0-1"]
[WhiteElo "2254"]
[BlackElo "2324"]
[PlyCount "90"]
[EventDate "2013.11.18"]
[EventType "team-tourn"]
[EventRounds "14"]
[EventCountry "ESP"]
[Source "lmi"]
[SourceDate "2013.11.18"]
[WhiteTeam "La Casa del Ajedrez"]
[BlackTeam "Liberty Chess"]
[WhiteTeamCountry "ESP"]
[BlackTeamCountry "ESP"]

1. e4 d6 2. d4 Nf6 3. Nc3 g6 4. g3 Bg7 5. Bg2 O-O 6. h3 e5 7. Nge2 c6 8. O-O b5
9. Be3 b4 10. dxe5 bxc3 11. exf6 Bxf6 12. Nxc3 Na6 13. Qd2 Rb8 14. Rab1 Qc7 15.
Rfd1 Rd8 16. a3 Be6 17. b4 Qd7 18. Kh2 Nc7 19. Bd4 Qe7 20. Qe3 Bxd4 21. Qxd4 c5
22. Qe3 cxb4 23. axb4 Rb6 24. Bf1 Rdb8 25. Qd4 Na6 26. Bxa6 Rxa6 27. Re1 Qc7
28. Re3 Rc6 29. Nd5 Bxd5 30. exd5 Rxc2 31. Rbe1 Qd8 32. Re7 Rc7 33. Qf6 Rxe7
34. Rxe7 Qf8 35. Rd7 Re8 36. Rxa7 Qg7 37. Qxd6 Qd4 38. Qc5 Qd1 39. Rc7 Re1 40.
Rc8+ Kg7 41. Qf8+ Kf6 42. Rc6+ Kg5 43. f4+ Kf5 44. Qxf7+ Ke4 45. Re6+ Kf3 0-1

[Event "Liga Madrileña - DH 2013-2014"]
[Site "Madrid ESP"]
[Date "2013.11.17"]
[Round "1.35"]
[White "Martin Rueda, Daniel"]
[Black "Unciti Juan, Javier"]
[Result "1-0"]
[WhiteElo "2315"]
[BlackElo "2152"]
[PlyCount "37"]
[EventDate "2013.11.18"]
[EventType "team-tourn"]
[EventRounds "14"]
[EventCountry "ESP"]
[Source "lmi"]
[SourceDate "2013.11.18"]
[WhiteTeam "Liberty Chess"]
[BlackTeam "La Casa del Ajedrez"]
[WhiteTeamCountry "ESP"]
[BlackTeamCountry "ESP"]

1. e4 e6 2. d3 d5 3. Qe2 Be7 4. Nf3 c5 5. g3 Nc6 6. Bg2 Nf6 7. O-O O-O 8. e5
Nd7 9. c4 Nb6 10. h4 Bd7 11. Rd1 Nd4 12. Nxd4 cxd4 13. Nd2 Qc7 14. b3 f6 15.
Nf3 Rae8 16. Bf4 fxe5 17. Bxe5 Bd6 18. Re1 Bc6 19. c5 1-0

[Event "Liga Madrileña - DH 2013-2014"]
[Site "Madrid ESP"]
[Date "2013.11.17"]
[Round "1.36"]
[White "Collado Barbas, Laura"]
[Black "Fernandez Garcia, Miguel Angel"]
[Result "0-1"]
[WhiteElo "2133"]
[BlackElo "2325"]
[PlyCount "98"]
[EventDate "2013.11.18"]
[EventType "team-tourn"]
[EventRounds "14"]
[EventCountry "ESP"]
[Source "lmi"]
[SourceDate "2013.11.18"]
[WhiteTeam "La Casa del Ajedrez"]
[BlackTeam "Liberty Chess"]
[WhiteTeamCountry "ESP"]
[BlackTeamCountry "ESP"]

1. d4 d5 2. c4 dxc4 3. Nf3 Nf6 4. e3 g6 5. Bxc4 Bg7 6. Ne5 O-O 7. Qb3 e6 8. Nd2
Ne8 9. Ndf3 Nd6 10. O-O Nxc4 11. Qxc4 b6 12. Re1 Bb7 13. e4 Ba6 14. Qc3 f6 15.
Nc4 Nd7 16. Be3 c5 17. dxc5 Nxc5 18. Bxc5 bxc5 19. Rad1 Qc7 20. e5 fxe5 21.
Ncxe5 Rad8 22. Qe3 Rxd1 23. Rxd1 Rd8 24. Rc1 Rd5 25. Nxg6 Qd6 26. Ngh4 Bxb2 27.
Re1 Bf6 28. g3 Rd1 29. Ng2 Bb7 30. Rxd1 Qxd1+ 31. Nfe1 Qd5 32. Kf1 Bd4 33. Qd2
c4 34. Nf4 Qh1+ 35. Ke2 Qe4+ 36. Kd1 e5 37. Ne2 Qb1+ 38. Nc1 Qf5 39. Qe2 Bd5
40. f3 Bc3 41. f4 exf4 42. gxf4 Bf7 43. Qg2+ Kf8 44. Qa8+ Kg7 45. Qg2+ Bg6 46.
Qg3 Qd5+ 47. Ke2 Qd2+ 48. Kf1 Qxc1 49. f5 Qxe1+ 0-1

[Event "Liga Madrileña - DH 2013-2014"]
[Site "Madrid ESP"]
[Date "2013.11.17"]
[Round "1.41"]
[White "Alcazar Jimenez, Victor Manuel"]
[Black "Moreno Trujillo, Alejandro"]
[Result "0-1"]
[WhiteElo "2368"]
[BlackElo "2541"]
[PlyCount "114"]
[EventDate "2013.11.18"]
[EventType "team-tourn"]
[EventRounds "14"]
[EventCountry "ESP"]
[Source "lmi"]
[SourceDate "2013.11.18"]
[WhiteTeam "Blanco y Negro"]
[BlackTeam "64 Villalba"]
[WhiteTeamCountry "ESP"]
[BlackTeamCountry "ESP"]

1. c4 e6 2. g3 d5 3. cxd5 exd5 4. Bg2 Nf6 5. Nf3 Bd6 6. Nc3 O-O 7. O-O c6 8. d3
Bf5 9. Re1 Bg6 10. e4 dxe4 11. dxe4 Bc5 12. Qxd8 Rxd8 13. Bg5 Nbd7 14. Nh4 Ng4
15. Rf1 f6 16. Bc1 Bf7 17. h3 Nge5 18. Na4 Bf8 19. b3 b5 20. Nc3 Bc5 21. Nf5 g6
22. Nh6+ Kg7 23. Nxf7 Kxf7 24. Nd1 a5 25. Be3 a4 26. Rc1 Nd3 27. Rc3 Bxe3 28.
Nxe3 N7c5 29. b4 Ne6 30. a3 Rac8 31. Rd1 Ne5 32. f4 Rxd1+ 33. Nxd1 Nc4 34. Bf1
Rd8 35. Ne3 Nxe3 36. Rxe3 Rd1 37. Rd3 Rxd3 38. Bxd3 g5 39. f5 Nd8 40. Kf2 Ke7
41. h4 gxh4 42. gxh4 Kd6 43. Ke3 Ke5 44. Bb1 Nf7 45. Ba2 Nd6 46. Be6 Nc4+ 47.
Kd3 Nxa3 48. h5 h6 49. Bd7 Nc4 50. Kc3 Kd6 51. Be8 Ne5 52. Kd4 Ke7 53. Bg6 Nf3+
54. Kd3 Kf8 55. Kc3 Ng5 56. e5 Ne4+ 57. Kd3 fxe5 0-1